2M Cities With Two Words - One Minute Sprint - Statistics

General Stats
  • This quiz has been taken 59 times
  • The average score is 10 of 30
Answer Stats
Answer % Correct
New York
87%
Los Angeles
85%
San Francisco
64%
São Paulo
64%
Mexico City
60%
Rio de Janeiro
60%
Buenos Aires
51%
San Diego
47%
San Antonio
43%
Kuala Lumpur
36%
Hong Kong
32%
Cape Town
30%
Guatemala City
28%
Ho Chi Minh City
28%
Santo Domingo
28%
St Petersburg
28%
Las Vegas
26%
Belo Horizonte
23%
San Juan
21%
Abu Dhabi
17%
Kuwait City
17%
Addis Ababa
15%
Dar es Salaam
15%
Port-au-Prince
15%
Tel Aviv
13%
Porto Alegre
9%
St Louis
9%
Kansas City
6%
Salt Lake City
6%
Port Harcourt
4%
No matching quizzes found
Score Distribution
Percent of People with Each Score
Percentile by Number Answered
Your Score History
You have not taken this quiz